Statistics for Most Sexually Active Countries

Click here to take the quiz!

General Stats

  • This quiz has been taken 6,353 times
  • The average score is 4 of 9

Answer Stats

Rank CountryFrequency of sex per year% Correct
1.France137
88%
8.United Kingdom119
83%
2.Greece133
51%
3.Hungary131
28%
7.Croatia120
26%
8.Iceland119
26%
5.Bulgaria128
23%
6.Czech Republic125
21%
4.Macedonia129
13%

Score Distribution

Percentile by Number Answered

Percent of People with Each Score

Your Score History

You have not taken this quiz